| 000 | 00629nam a22001937a 4500 | ||
|---|---|---|---|
| 999 |
_c19981 _d19981 |
||
| 003 | AR-CdUCM | ||
| 008 | 190524b ||||| |||| 00| 0 spa d | ||
| 040 |
_aMUNICIPALIDAD PROVINCIAL DEL CUSCO _cBIBLIOTECA MUNICIPAL DEL CUSCO |
||
| 082 |
_a869.5308 / _bL69 |
||
| 100 |
_aLira, Jorge A. _926206 |
||
| 245 | _aCanto de amor / | ||
| 260 |
_aCusco : _bP. L. Villanueva, _c1956. |
||
| 300 |
_a247 páginas ; _c21 cm. |
||
| 505 | _aContenido: Rojo frutito -- Tres amantes tengo -- Junto a un arbolito... | ||
| 650 |
_aPoesía peruana _9806 |
||
| 650 |
_aPoesías quechuas _97576 |
||
| 942 |
_2ddc _cLIBROS |
||
| 945 |
_adavv _d2019-05-24 |
||